书目信息 |
| 题名: |
东进新四军
|
|
| 作者: | 黄朝军 , 沈杨 , 田崇杰 著 | |
| 分册: | ||
| 出版信息: | 北京 长城出版社 2015 |
|
| 页数: | 401页 | |
| 开本: | 24cm | |
| 丛书名: | 中国抗日战争战场全景画卷丛书 | |
| 单 册: | ||
| 中图分类: | E297.3 | |
| 科图分类: | ||
| 主题词: | ||
| 电子资源: | ||
| ISBN: | 978-7-5483-0240-7 | |
| 000 | 01167oam2 2200301 45 | |
| 001 | 012001004818 | |
| 005 | 20140928162350.0 | |
| 010 | @a978-7-5483-0240-7@dCNY68.00 | |
| 100 | @a20151101d2015 em y0chiy50 ea | |
| 101 | 0 | @achi |
| 102 | @aCN@b110000 | |
| 105 | @aa z 000yy | |
| 106 | @ar | |
| 200 | 1 | @a东进新四军@9dong jin xin si jun@e新四军抗战影像全纪录@f黄朝军,沈杨,田崇杰著 |
| 210 | @a北京@c长城出版社@d2015 | |
| 215 | @a401页@c照片@d24cm | |
| 225 | 1 | @a中国抗日战争战场全景画卷丛书@h第二辑@v12 |
| 300 | @a其他题名:新四军抗战影像全纪录 | |
| 330 | @a本书全方位、多视角、全景式地讲述了新四军在1937年12月到1945年日军投降期间,既要面对日本侵略者又要面对“同室操戈”之国民政府的艰苦抗日过程。辅以中日双方当时战地图片,让读者更加直观地了解这段历史。 | |
| 461 | 0 | @12001 @a中国抗日战争战场全景画卷丛书 |
| 517 | 1 | @a新四军抗战影像全纪录@9xin si jun kang zhan ying xiang quan ji lu |
| 601 | 02 | @a新四军@x抗日战争时期战役战斗@j史料 |
| 690 | @aE297.3@v5 | |
| 701 | 0 | @a黄朝军@9huang chao jun@4著 |
| 701 | 0 | @a沈杨@9shen yang@4著 |
| 701 | 0 | @a田崇杰@9tian chong jie@4著 |
| 801 | 0 | @aCN@b上海新华@c20180901 |
| 905 | @b1167087-91@dE297.3@e106@f5 | |
| 东进新四军:新四军抗战影像全纪录/黄朝军,沈杨,田崇杰著.-北京:长城出版社,2015 |
| 401页:照片;24cm.-(中国抗日战争战场全景画卷丛书.第二辑;12) |
| 其他题名:新四军抗战影像全纪录 |
| ISBN 978-7-5483-0240-7:CNY68.00 |
| 本书全方位、多视角、全景式地讲述了新四军在1937年12月到1945年日军投降期间,既要面对日本侵略者又要面对“同室操戈”之国民政府的艰苦抗日过程。辅以中日双方当时战地图片,让读者更加直观地了解这段历史。 |
| ● |
| 相关链接 |
|
|
|
|
正题名:东进新四军
索取号:E297.3/106
 
预约/预借
| 序号 | 登录号 | 条形码 | 馆藏地/架位号 | 状态 | 备注 |
| 1 | 1167087 | 211670878 | 第一样本阅览室/ [索取号:E297.3/106] | 在馆 | |
| 2 | 1167088 | 211670887 | 第一借阅区/ [索取号:E297.3/106] | 在馆 | |
| 3 | 1167089 | 211670896 | 第一借阅区/ [索取号:E297.3/106] | 在馆 | |
| 4 | 1167090 | 211670903 | 第一借阅区/ [索取号:E297.3/106] | 在馆 | |
| 5 | 1167091 | 211670912 | 史法系资料室/ [索取号:E297.3/106] | 在馆 |